000 00634nam a2200193Ia 4500
003 GCL
008 140319s9999 xx 000 0 ara d
040 _aGCL /
_cGCL
082 0 4 _a189
_bح خ
100 1 _aحامد طاهر
245 1 0 _aالخطاب الاخلاقى فى الحضارة الاسلامية: نماذج تحليلية /
_cحامد طاهر
260 _a[S.N] :
_bدار الثقافة العربية ،
_c1990
300 _a257 ص
490 _a
650 0 4 _aالفلسفة الاسلامية
650 0 4 _aالاخلاق الاسلامية
650 0 4 _aالحضارة الاسلامية
942 _2ddc
_cBK
999 _c33294
_d33294